| 000 | 00434nam a22001817a 4500 | ||
|---|---|---|---|
| 003 | CEME | ||
| 005 | 20210628205941.0 | ||
| 008 | 210209b xxu||||| |||| 00| 0 eng d | ||
| 020 | _a1-56884-820-X | ||
| 040 | _c. | ||
| 082 | _a004.67 SUL | ||
| 100 |
_aSullivan-Trainor, Michael _977619 |
||
| 245 | _aWeb master strategies | ||
| 260 |
_aUSA _bIDG BOOKS _c1996 |
||
| 300 | _a395P | ||
| 650 |
_aWEB DESIGN _977620 |
||
| 942 |
_cBK _2ddc |
||
| 999 |
_c582862 _d582862 |
||